000 00909nam a2200253Ia 4500
003 OSt
005 20221005112431.0
006 a|||||r|||| 00| 0
007 ta
008 221004b |||||||| |||| 00| 0 gre d
020 _a9789352047178 (hbk)
_cINR 350.00
024 _a38580
037 _b1021, 06/03/2018, H.K. Prakashan
_cTextual
040 _aCRL
_cCRL
_bGRE
041 _2GRE
_aGRE
082 _aO13,3M83,ZT, 153Q7
100 _aਕਗ਼ਾਨਗ਼ਾਕਿਸ, ਨਿਕੋਸ, ਂਚ।
245 0 _aਗ਼ੋਰਬਾ ਦ ਗਰੀਕ
260 _aਚੰਡੀਗੜ
_bਯੂਨੀਸਟਾਰ ਭਾਰਤ
_c2017
300 _a392ਪ0
_ccm.
650 _aਗ੍ਰੀਕ ਸਾਹਿਤ
942 _hO13,3M83,ZT, 153Q7
_cTEXL
_2cc
999 _c1024882
_d1024882